[Event "Challenge"]
[Site "http://www.queenalice.com/game.php?id=970568"]
[Date "2011.8.9"]
[Round "-"]
[White "artkrup"]
[Black "Johnybatista"]
[Result "0-1"]
[WhiteElo "1697"]
[BlackElo "1722"]

1. e4 e5 2. Bc4 Nf6 3. d3 Bc5 4. h3 Nc6 5. Nf3 O-O 6. c3 d5 7. exd5 Nxd5 8. O-O
Be6 9. Bxd5 Bxd5 10. Be3 Bd6 11. Nbd2 f5 12. Nh2 f4 13. c4 Be6 14. d4 fxe3 15.
fxe3 exd4 16. exd4 Nxd4 17. b3 Nf5 18. Re1 Nd4 19. Ndf1 Bc5 20. Kh1 Bf5 21. Nf3
Nc2 22. Qd5+ Qxd5 23. cxd5 Nxa1 24. Rxa1 Rad8 25. Rd1 Be4 26. Ng3 Bxd5 27. Ne5
Bxg2+ 28. Kxg2 Rxd1 29. h4 Bd6 30. Nc4 Bxg3 31. Kxg3 Rd4 0-1

[Event "Challenge"]
[Site "http://www.queenalice.com/game.php?id=971166"]
[Date "2011.8.10"]
[Round "-"]
[White "Johnybatista"]
[Black "jairo366"]
[Result "0-1"]
[WhiteElo "1644"]
[BlackElo "1451"]

1. e4 d5 2. e5 c5 3. c3 Bf5 4. Nf3 e6 5. d4 Nc6 6. Bb5 Ne7 7. dxc5 a6 8. Bxc6+
Nxc6 9. b4 Qc7 10. Bf4 Be7 11. O-O O-O 12. Qe2 a5 13. a3 axb4 14. cxb4 Nxb4 15.
Rc1 Nd3 16. Rc3 Nxf4 17. Qb5 Ra5 18. Qb2 Rxc5 19. Rxc5 Qxc5 20. Nc3 Nd3 21. Qd2
Nxf2 22. Na4 Ne4+ 23. Nxc5 Bxc5+ 24. Kf1 Nxd2+ 25. Nxd2 Ra8 26. Rc1 Be3 27. Ke2
Bxd2 28. Kxd2 h6 0-1

[Event "AUTO-INT-2112"]
[Site "http://www.queenalice.com/game.php?id=971266"]
[Date "2011.8.11"]
[Round "1"]
[White "vogeleduardo"]
[Black "Johnybatista"]
[Result "0-1"]
[WhiteElo "1602"]
[BlackElo "1693"]

1. e4 e5 2. b3 Nf6 3. Nc3 Bb4 4. Bb2 Nc6 5. Nf3 d6 6. Bc4 Bxc3 7. Bxc3 Nxe4 8.
O-O O-O 9. Bb2 Re8 10. Bd5 Nf6 11. c4 Nxd5 12. cxd5 Ne7 13. d4 e4 14. Nd2 Nxd5
15. Nc4 b5 16. Ne3 Bb7 17. Nf5 Qg5 18. Ng3 Nf4 19. Qd2 Nh3+ 20. gxh3 Qxd2 21.
Rab1 Qf4 22. Rbe1 Qf3 23. Re3 Qf4 24. Bc1 Qh4 25. Bd2 Qxh3 26. Ne2 Qg4+ 27. Ng3
Re6 28. Kh1 Rh6 29. Rg1 Qh3 30. Rg2 Qg4 31. Nf1 Qd1 32. Rg1 f5 33. Re1 e3+ 34.
Rg2 Bxg2+ 35. Kxg2 Rg6+ 36. Kh1 Qf3# 0-1

[Event "AUTO-INT-2112"]
[Site "http://www.queenalice.com/game.php?id=971267"]
[Date "2011.8.11"]
[Round "1"]
[White "Johnybatista"]
[Black "vogeleduardo"]
[Result "0-1"]
[WhiteElo "1681"]
[BlackElo "1639"]

1. e4 e5 2. Nf3 Nc6 3. Bb5 Nge7 4. Nc3 a6 5. Ba4 g6 6. d3 Bg7 7. O-O d6 8. Bg5
O-O 9. Nd5 f6 10. Be3 Be6 11. Nxe7+ Nxe7 12. c4 c5 13. a3 Qb6 14. b4 f5 15. Nd2
f4 16. bxc5 dxc5 17. Rb1 Qd8 18. Bxc5 Qc7 19. Bb4 b5 20. cxb5 axb5 21. Bb3 Bxb3
22. Qxb3+ Kh8 23. Rbc1 Qd7 24. Bc5 Rfc8 25. Qb4 Ng8 26. Rc2 Bf8 27. d4 Bxc5 28.
dxc5 Qd3 29. c6 Qxc2 30. Nf3 Ra4 31. Qd6 Qxc6 32. Qxe5+ Nf6 33. Nd4 Qb6 34. Ne6
Qb7 35. Qxf6+ Kg8 36. Qxf4 Rxe4 37. Qf3 Qc6 38. Ng5 Re7 39. Qb3+ Qc4 40. Qb2 Rd8
41. h3 Qc5 42. Qf6 Qe5 43. Qb6 Rde8 44. f4 Qe3+ 45. Qxe3 Rxe3 46. Nf3 Rxa3 47.
Nd4 Rb8 0-1

[Event "AUTO-INT-2112"]
[Site "http://www.queenalice.com/game.php?id=971282"]
[Date "2011.8.11"]
[Round "1"]
[White "robertolm"]
[Black "Johnybatista"]
[Result "0-1"]
[WhiteElo "1705"]
[BlackElo "1611"]

1. e4 e5 2. Nf3 Nc6 3. d4 exd4 4. Nxd4 Nf6 5. Nxc6 bxc6 6. Bg5 Be7 7. Bd3 d5 8.
exd5 Qxd5 9. Bxf6 Bxf6 10. O-O Bxb2 11. c4 Qd4 12. Qe2+ Be6 13. Bf5 Bxa1 14.
Bxe6 O-O 15. Bf5 Rfe8 16. Qc2 g6 17. Bh3 Bc3 18. Nxc3 Qxc4 19. Rc1 Re7 20. Qd2
Rae8 21. g3 a5 22. a4 Kg7 23. Qb2 Qb4 24. Qa1 f6 25. Bf1 Qd4 26. Qa3 Re1 27.
Rxe1 Rxe1 28. Ne2 Qd1 29. Qe7+ Kh6 30. Qf8+ Kg5 31. h4+ Kh5 32. Kg2 Rxf1 33.
Nf4+ Kg4 34. Qc8+ f5 35. Nh3 Rh1 36. Qa6 Qf3# 0-1

[Event "AUTO-INT-2112"]
[Site "http://www.queenalice.com/game.php?id=971283"]
[Date "2011.8.11"]
[Round "1"]
[White "Johnybatista"]
[Black "robertolm"]
[Result "0-1"]
[WhiteElo "1685"]
[BlackElo "1713"]

1. e4 e5 2. Nf3 Nc6 3. Nc3 Nf6 4. Bb5 Bb4 5. a3 Bxc3 6. dxc3 O-O 7. Bxc6 bxc6 8.
Nxe5 Qe7 9. Bf4 d6 10. Nf3 Qxe4+ 11. Be3 Bg4 12. Qe2 Nd5 13. O-O Nxe3 14. Rac1
Rfe8 15. Rfe1 Bxf3 16. gxf3 Qg6+ 17. Kh1 Qg2# 0-1

[Event "AUTO-INT-2112"]
[Site "http://www.queenalice.com/game.php?id=971292"]
[Date "2011.8.11"]
[Round "1"]
[White "chess2009"]
[Black "Johnybatista"]
[Result "1-0"]
[WhiteElo "1476"]
[BlackElo "1538"]

1. e4 e5 2. Qh5 Nc6 3. Bd3 Nf6 4. Qf3 d6 5. h3 Be7 6. g4 Be6 7. g5 Nd7 8. h4 Nc5
9. Bb5 O-O 10. Bxc6 bxc6 11. Nc3 d5 12. exd5 cxd5 13. d3 d4 14. Nce2 Qd7 15. Nh3
Bd5 16. Qg3 Bxh1 17. f3 Qf5 18. Neg1 1-0

[Event "AUTO-INT-2112"]
[Site "http://www.queenalice.com/game.php?id=971293"]
[Date "2011.8.11"]
[Round "1"]
[White "Johnybatista"]
[Black "chess2009"]
[Result "0-1"]
[WhiteElo "1513"]
[BlackElo "1494"]

1. e4 e5 2. Nf3 Qe7 3. Bc4 Nc6 4. d3 Na5 5. Bg5 f6 6. Bh4 g5 7. Bg3 Nxc4 8. dxc4
g4 9. Nh4 d6 10. Nc3 Bd7 11. O-O O-O-O 12. Nd5 Qe8 13. Re1 Be6 14. Qd2 Bxd5 15.
cxd5 Qd7 16. c4 Bh6 17. f4 exf4 0-1

[Event "AUTO-OPEN-2440"]
[Site "http://www.queenalice.com/game.php?id=971322"]
[Date "2011.8.11"]
[Round "1"]
[White "Johnybatista"]
[Black "chess2009"]
[Result "0-1"]
[WhiteElo "1568"]
[BlackElo "1456"]

1. e4 e5 2. Nf3 Qe7 3. Nc3 c6 4. Bc4 b5 5. Bb3 b4 6. Ne2 Ba6 7. d3 c5 8. O-O f6
9. c3 Nc6 10. Be3 bxc3 11. bxc3 Nh6 12. Rb1 Qd8 13. Ba4 Rb8 14. Nh4 Rxb1 15.
Qxb1 c4 16. Bxa7 Nxa7 17. d4 Be7 0-1

[Event "AUTO-OPEN-2440"]
[Site "http://www.queenalice.com/game.php?id=971323"]
[Date "2011.8.11"]
[Round "1"]
[White "chess2009"]
[Black "Johnybatista"]
[Result "1-0"]
[WhiteElo "1433"]
[BlackElo "1604"]

1. e4 e5 2. Qh5 Nf6 3. Qxe5+ Be7 4. Qf4 d5 5. d3 dxe4 6. dxe4 O-O 7. h3 Qd7 8.
Nc3 Re8 9. Nf3 Nc6 10. a3 Bd6 11. Qe3 b6 12. Be2 Bb7 13. Nb5 Rxe4 14. Qd3 Rae8
15. Be3 Ne5 16. Nxd6 Nxd3+ 17. Bxd3 1-0

[Event "AUTO-OPEN-2440"]
[Site "http://www.queenalice.com/game.php?id=971324"]
[Date "2011.8.11"]
[Round "1"]
[White "Johnybatista"]
[Black "carlospianista20"]
[Result "0-1"]
[WhiteElo "1764"]
[BlackElo "2070"]

1. e4 e6 2. Nf3 d5 3. e5 c5 4. c3 Nc6 5. d4 cxd4 6. cxd4 Bb4+ 7. Bd2 Qa5 8. Nc3
Nge7 9. a3 Bxc3 10. Bxc3 Qb6 11. Bd3 a5 12. O-O a4 13. Bc2 O-O 14. Qd3 Ng6 15.
h4 f5 16. exf6 Rxf6 17. h5 Nf8 18. Ne5 Qd8 19. Nf3 b6 20. Ng5 Ba6 21. Qd2 Bxf1
22. Rxf1 Rh6 23. g4 Rf6 24. Qd3 Rf4 25. Nxh7 Rxg4+ 26. Kh2 Qh4+ 27. Qh3 Nxh7 28.
Bd1 Qxh3+ 29. Kxh3 Rf4 30. Bg4 Ng5+ 31. Kh4 Nf3+ 32. Kg3 Rxg4+ 33. Kxf3 Rh4 34.
Re1 Kf7 35. Rg1 Nxd4+ 36. Ke3 Nf5+ 37. Kd2 Rxh5 38. Ke2 d4 39. Bb4 Rc8 40. Rg4
Rc2+ 41. Kf3 Rh2 0-1

[Event "AUTO-OPEN-2440"]
[Site "http://www.queenalice.com/game.php?id=971325"]
[Date "2011.8.11"]
[Round "1"]
[White "carlospianista20"]
[Black "Johnybatista"]
[Result "1-0"]
[WhiteElo "2017"]
[BlackElo "1737"]

1. d4 d5 2. c4 Nf6 3. Nc3 c6 4. Bg5 e6 5. Nf3 Be7 6. e3 O-O 7. Bd3 b6 8. O-O h6
9. Bxf6 Bxf6 10. Qe2 Nd7 11. e4 e5 12. dxe5 Nxe5 13. Nxe5 Bxe5 14. exd5 Re8 15.
Qh5 Qd6 16. Rfe1 Bxh2+ 17. Qxh2 Qxh2+ 18. Kxh2 Bd7 19. d6 Re6 20. Rxe6 Bxe6 21.
b4 c5 22. bxc5 bxc5 23. Rb1 Rd8 24. Ne4 f5 25. Nxc5 Kf7 26. Rb7+ Kf6 27. d7 g5
28. Nxe6 Kxe6 29. c5 Kd5 30. Rc7 Kd4 31. c6 Kxd3 32. Rc8 1-0

[Event "AUTO-OPEN-2440"]
[Site "http://www.queenalice.com/game.php?id=971326"]
[Date "2011.8.11"]
[Round "1"]
[White "Johnybatista"]
[Black "Rubens2009"]
[Result "0-1"]
[WhiteElo "1761"]
[BlackElo "1856"]

1. e4 c5 2. Nc3 e6 3. Nf3 a6 4. d4 Nf6 5. Bg5 Be7 6. e5 O-O 7. exf6 Bxf6 8. Bxf6
Qxf6 9. dxc5 Nc6 10. a3 Ne5 11. Be2 Rd8 12. b4 Rb8 13. O-O b6 14. Ne4 Nxf3+ 15.
Bxf3 Qe7 16. Bg4 bxc5 17. Nxc5 d6 18. Nb3 Qg5 19. Re1 Bb7 20. h3 f5 21. Bf3 d5
22. Rxe6 f4 23. Nc5 Bc8 24. Re1 Bxh3 25. Ne6 Bxe6 26. Rxe6 d4 27. Qd2 Rb5 28. a4
Re5 29. Rxa6 h5 30. Re1 Rxe1+ 31. Qxe1 h4 32. g3 fxg3 33. fxg3 hxg3 34. Bg2 Rf8
35. Qe6+ Kh8 36. Qh3+ Kg8 37. Ra5 Qe3+ 38. Kh1 Qe1+ 39. Bf1 Rxf1+ 40. Kg2 Qf2#
0-1

[Event "AUTO-OPEN-2440"]
[Site "http://www.queenalice.com/game.php?id=971327"]
[Date "2011.8.11"]
[Round "1"]
[White "Rubens2009"]
[Black "Johnybatista"]
[Result "0-1"]
[WhiteElo "1884"]
[BlackElo "1500"]

1. e4 e5 2. Nf3 Nc6 3. Bc4 Nf6 4. Ng5 d5 5. exd5 Nxd5 6. d3 Be7 7. Nxf7 Kxf7 8.
Qf3+ Ke6 9. Nc3 Nb4 10. O-O c6 11. a3 Nxc2 12. Rb1 Rf8 13. Qg4+ Kf7 14. Qh5+ Kg8
15. f4 exf4 16. Nxd5 cxd5 17. Bxd5+ Kh8 18. Be4 Bf5 19. Bxf5 g6 20. Bxg6 Qd4+
21. Kh1 Qg7 22. Be4 Ne3 23. Bxe3 fxe3 24. Rxf8+ Rxf8 25. Bxb7 Rf2 26. Bf3 Rxb2
27. Rc1 Bxa3 28. Rc8+ Bf8 29. h3 Rb1+ 30. Bd1 Qf6 31. Qe2 Qf5 32. Rc4 Qf2 33.
Qxf2 exf2 0-1

[Event "FARESE"]
[Site "http://www.queenalice.com/game.php?id=986387"]
[Date "2011.9.17"]
[Round "2"]
[White "odairsmj"]
[Black "Johnybatista"]
[Result "1-0"]
[WhiteElo "2000"]
[BlackElo "1647"]

1. e4 e5 2. Nf3 Nc6 3. Bc4 Nf6 4. Nc3 Be7 5. O-O O-O 6. d3 d6 7. h3 a6 8. a3 Be6
9. Bxe6 fxe6 10. Ng5 h6 11. Nxe6 Qd7 12. Nxf8 Rxf8 13. f4 exf4 14. Bxf4 d5 15.
exd5 Nxd5 16. Nxd5 1-0

[Event "Challenge"]
[Site "http://www.queenalice.com/game.php?id=989871"]
[Date "2011.9.25"]
[Round "-"]
[White "Johnybatista"]
[Black "Andrei_78"]
[Result "0-1"]
[WhiteElo "1713"]
[BlackElo "1722"]

1. e4 e5 2. Nf3 d6 3. Bc4 h6 4. Nc3 Nf6 5. d3 c6 6. Be3 Be7 7. O-O O-O 8. a3 d5
9. exd5 a6 10. dxc6 Nxc6 11. h3 b5 12. Bb3 Bb7 13. Ne4 Nxe4 14. dxe4 Bd6 15. Bd5
Rb8 16. b3 Ne7 17. c4 Bxd5 0-1